| 000 | 01388nam a2200277Ia 4500 | ||
|---|---|---|---|
| 999 |
_c51173 _d51173 |
||
| 001 | 18132 | ||
| 003 | GE_BSU | ||
| 005 | 20200402203759.0 | ||
| 008 | 181216s1983||||ge |||||||||||||| ||geo|| | ||
| 020 | _aISSN 0137-0073 | ||
| 040 | _cGE_BSU | ||
| 041 | _ageo | ||
| 080 | _a811.353.1'282 ა-97 | ||
| 245 |
_aაჭარული დიალექტის დარგობრივი ლექსიკა კრ. 4 : _bსტატიების კრებული / _cრედ. შ. ძიძიგური ; მხატვ.გ. ლომიძე. |
||
| 264 |
_aთბილისი : _bმეცნიერება, _c1983. |
||
| 300 |
_a111 გვ. ; _c21 სმ. |
||
| 520 | _aრეზიუმე რუსულ ენაზე | ||
| 541 | _h4ლ. | ||
| 653 | _aაჭარული დიალექტის დარგობრივი ლექსიკა | ||
| 653 | _aქართული ენის დიალექტები | ||
| 653 | _aაჭარული დიალექტი | ||
| 700 |
_aძიძიგური, შ. _eრედაქტორი _92258 |
||
| 700 |
_aლომიძე, გ. _eმხატვარი _97583 |
||
| 710 |
_aსაქ. სსრ მეცნ. აკადემია _eბათუმის სამეცნ.-კვლევ. ინსტიტუტი _97848 |
||
| 942 |
_cBK _2udc |
||